মানবজনম / (Record no. 10390)
[ view plain ]
| 000 -LEADER | |
|---|---|
| fixed length control field | 03625nam a22002417a 4500 |
| 001 - CONTROL NUMBER | |
| JCCL Control Number | 10390 |
| 003 - CONTROL NUMBER IDENTIFIER | |
| JCCL marc code | BD-JhCC |
| 005 - DATE AND TIME OF LATEST TRANSACTION | |
| control field | 20220426134022.0 |
| 008 - FIXED-LENGTH DATA ELEMENTS--GENERAL INFORMATION | |
| fixed length control field | 180425b2017 bg ||||| |||| 00| 0 eng d |
| 020 ## - INTERNATIONAL STANDARD BOOK NUMBER | |
| International Standard Book Number | 9789849280224 |
| 035 ## - SYSTEM CONTROL NUMBER | |
| system control number | (BD-JhCC)10390 |
| 040 ## - CATALOGING SOURCE | |
| Original cataloging agency | BD-JhCC |
| Modifying agency | BD-JhCC |
| 041 ## - LANGUAGE CODE | |
| Language code of Book | eng |
| 082 ## - DEWEY DECIMAL CLASSIFICATION NUMBER | |
| Classification number | 891.443 |
| Author mark and Year | HOS 2017 |
| 100 ## - MAIN ENTRY--PERSONAL NAME | |
| Personal name | হোসাইন, সাদাত |
| 245 ## - TITLE STATEMENT | |
| Title | মানবজনম / |
| Statement of responsibility, etc | সাদাত হোসাইন |
| 260 ## - PUBLICATION, DISTRIBUTION, ETC. (IMPRINT) | |
| Place of publication, distribution, etc | ঢাকা : |
| Name of publisher, distributor, etc | ভাষাচিত্র, |
| Date of publication, distribution, etc | 2017. |
| 300 ## - PHYSICAL DESCRIPTION | |
| Pagination | 527 p. : |
| Dimensions | 22 cm. |
| 520 ## - SUMMARY, ETC. | |
| Summary, etc | সাদাত হোসাইন<br/>স্নাতকোত্তর- নৃবিজ্ঞান, জাহাঙ্গীরনগর বিশ্ববিদ্যালয় <br/><br/>দুটো ইচ্ছে নিয়ে স্বপ্নযাত্রার শুরু। এক- খেয়ানৌকার মাঝি হওয়া, দুই- নিজের নামটি ছাপার অক্ষরে দেখতে পাওয়া। মাদারীপুরের কালকিনি থানার কয়ারিয়া নামের যে গ্রামে জন্ম, তার পাশ দিয়েই তিরতির করে বয়ে গেছে ছোট্ট এক নদী। খেয়ানৌকার মাঝি হওয়ার স্বপ্নটা তাই সত্যি হওয়াই ছিল সহজ। কিন্তু হলো উল্টোটা। পূরণ হলো দ্বিতীয় স্বপ্নটি! সাদাত হোসাইন হয়ে গেলেন লেখক। এ পর্যন্ত তার প্রকাশিত বইয়ের সংখ্যা ছয়। লিখেছেন, কবিতা, ছোটগল্প, উপন্যাস। যা প্রশংসা কুঁড়িয়েছে পাঠক মহলে। ‘আরশিনগর’ এবং ‘অন্দরমহল’ নামের দীর্ঘ কলেবরের উপন্যাস দুটি রীতিমত চমকে দিয়েছে পাঠকদের। শুধু লেখালেখিই নয়, দুর্দান্ত আলোকচিত্রী সাদাত হোসাইন নিজের স্বপ্নের সীমানাটাকে বাড়িয়ে নিয়ে গেলেন স্বল্পদৈর্ঘ্য চলচ্চিত্র নির্মাণেও। তার নির্মিত ‘বোধ’ ও ‘দ্যা শ্যুজ’ নামের নির্বাক স্বল্পদৈর্ঘ্য চলচ্চিত্র দুটি প্রশংসার ঝড় তুলেছে বিশ্বব্যাপী। কাজ করছেন একাধিক নতুন ফিল্ম নিয়ে। সাদাত হোসাইনের জগত জুড়ে অমিত স্বপ্নের বসবাস। <br/><br/>সেই স্বপ্নের সবটা ছুঁয়ে ছুটে যেতে চান অবিরাম। সম্প্রতি আলোকচিত্র, লেখালেখি এবং স্বল্পদৈর্ঘ্য চলচ্চিত্রের জন্য জিতেছেন ‘জুনিয়র চেম্বার ইন্টারন্যশনাল অ্যাওয়ার্ড’। |
| 650 ## - SUBJECT ADDED ENTRY--TOPICAL TERM | |
| Topical term or geographic name as entry element | Novel |
| 942 ## - ADDED ENTRY ELEMENTS (KOHA) | |
| Source of classification or shelving scheme | Dewey Decimal Classification |
| Koha item type | Books |
| Koha issues (borrowed), all copies | 8 |
| Source of classification or shelving scheme | Damaged status | Not for loan | Home library | Current library | Shelving location | Date of accession | Cost, normal purchase price | Total Checkouts | Full call number | Barcode | Date last seen | Date checked out | Copy number | Koha item type |
|---|---|---|---|---|---|---|---|---|---|---|---|---|---|---|
| Dewey Decimal Classification | JCC Rouf Library | JCC Rouf Library | General Stacks | 07/31/2023 | 695.00 | 19 | 891.443 HOS 2017 | 13545 | 01/19/2026 | 12/18/2025 | C-1 | Books | ||
| Dewey Decimal Classification | JCC Rouf Library | JCC Rouf Library | General Stacks | 07/30/2018 | 695.00 | 15 | 891.443 HOS 2017 | 14334 | 09/04/2025 | 07/30/2025 | C-2 | Books |